| 000 | 00456cam a2200193u 4500 | ||
|---|---|---|---|
| 001 | 8383399 | ||
| 005 | 20180206093909.0 | ||
| 008 | 820104s1953 enka 000 0 eng | ||
| 010 | _a 53031187 | ||
| 040 |
_aDLC _cCarP _dDLC |
||
| 041 | _aeng | ||
| 080 | _a37 DAI | ||
| 082 | _a37 DAI | ||
| 100 | 1 | _a47 | |
| 101 | _aEDU | ||
| 245 | 1 | 0 | _aChildren's toys throughout the ages. |
| 906 |
_a0 _bcbc _cpremunv _du _encip _f19 _gy-gencatlg |
||
| 942 |
_2ddc _cBK |
||
| 999 |
_c41959 _d41959 |
||